<?xml version="1.0" encoding="UTF-8"?>
<collection xmlns="http://www.loc.gov/MARC21/slim">
 <record>
  <leader>01851aam a22002538a 4500</leader>
  <controlfield tag="001">NCT_7905</controlfield>
  <controlfield tag="008">110811s2011                  ||||||viesd</controlfield>
  <datafield tag="999" ind1=" " ind2=" ">
   <subfield code="c">400</subfield>
   <subfield code="d">400</subfield>
  </datafield>
  <datafield tag="020" ind1=" " ind2=" ">
   <subfield code="c">75000</subfield>
  </datafield>
  <datafield tag="082" ind1="0" ind2="4">
   <subfield code="2">23rd ed.</subfield>
   <subfield code="a">959.703</subfield>
   <subfield code="b">Tr120</subfield>
  </datafield>
  <datafield tag="100" ind1="1" ind2=" ">
   <subfield code="a">Phạm Ngọc Trâm</subfield>
  </datafield>
  <datafield tag="245" ind1="1" ind2="0">
   <subfield code="a">Con đường cứu nước Hồ Chí Minh</subfield>
   <subfield code="c">Phạm Ngọc Trâm</subfield>
  </datafield>
  <datafield tag="260" ind1=" " ind2=" ">
   <subfield code="a">Tp. Hồ Chí Minh</subfield>
   <subfield code="b">Tổng hợp</subfield>
   <subfield code="c">2011</subfield>
  </datafield>
  <datafield tag="300" ind1=" " ind2=" ">
   <subfield code="a">324tr.</subfield>
   <subfield code="c">21cm</subfield>
  </datafield>
  <datafield tag="490" ind1="0" ind2=" ">
   <subfield code="a">Tủ sách Truyền thống</subfield>
  </datafield>
  <datafield tag="520" ind1="3" ind2=" ">
   <subfield code="a">Nội dung tài liệu giới thiệu bức tranh lịch sử từ thời thơ ấu đến tuổi trưởng thành của Hồ Chí Minh và những phân tích, lí giải một số động lực ra đi tìm đường cứu nước, sự tiếp thu chủ nghĩa Mác - Lênin trong hành trình hơn 30 năm ra đi tìm đường cứu nước của Người</subfield>
  </datafield>
  <datafield tag="653" ind1=" " ind2=" ">
   <subfield code="a">Kinh tế chính trị</subfield>
  </datafield>
  <datafield tag="942" ind1=" " ind2=" ">
   <subfield code="2">ddc</subfield>
   <subfield code="c">BK</subfield>
  </datafield>
  <datafield tag="952" ind1=" " ind2=" ">
   <subfield code="0">0</subfield>
   <subfield code="1">0</subfield>
   <subfield code="2">ddc</subfield>
   <subfield code="4">0</subfield>
   <subfield code="6">959_703000000000000_TR120</subfield>
   <subfield code="7">0</subfield>
   <subfield code="9">16289</subfield>
   <subfield code="a">000001</subfield>
   <subfield code="b">000001</subfield>
   <subfield code="d">2019-03-16</subfield>
   <subfield code="o">959.703 Tr120</subfield>
   <subfield code="p">MD.14954</subfield>
   <subfield code="r">2019-03-16</subfield>
   <subfield code="v">75000.00</subfield>
   <subfield code="w">2019-03-16</subfield>
   <subfield code="y">BK</subfield>
  </datafield>
  <datafield tag="952" ind1=" " ind2=" ">
   <subfield code="0">0</subfield>
   <subfield code="1">0</subfield>
   <subfield code="2">ddc</subfield>
   <subfield code="4">0</subfield>
   <subfield code="6">959_703000000000000_TR120</subfield>
   <subfield code="7">0</subfield>
   <subfield code="9">16290</subfield>
   <subfield code="a">000001</subfield>
   <subfield code="b">000001</subfield>
   <subfield code="d">2019-03-16</subfield>
   <subfield code="o">959.703 Tr120</subfield>
   <subfield code="p">MD.14955</subfield>
   <subfield code="r">2019-03-16</subfield>
   <subfield code="v">75000.00</subfield>
   <subfield code="w">2019-03-16</subfield>
   <subfield code="y">BK</subfield>
  </datafield>
  <datafield tag="952" ind1=" " ind2=" ">
   <subfield code="0">0</subfield>
   <subfield code="1">0</subfield>
   <subfield code="2">ddc</subfield>
   <subfield code="4">0</subfield>
   <subfield code="6">959_703000000000000_TR120</subfield>
   <subfield code="7">0</subfield>
   <subfield code="9">16291</subfield>
   <subfield code="a">000001</subfield>
   <subfield code="b">000001</subfield>
   <subfield code="d">2019-03-16</subfield>
   <subfield code="l">2</subfield>
   <subfield code="o">959.703 Tr120</subfield>
   <subfield code="p">MD.14956</subfield>
   <subfield code="r">2021-04-24</subfield>
   <subfield code="s">2021-04-08</subfield>
   <subfield code="v">75000.00</subfield>
   <subfield code="w">2019-03-16</subfield>
   <subfield code="y">BK</subfield>
  </datafield>
  <datafield tag="952" ind1=" " ind2=" ">
   <subfield code="0">0</subfield>
   <subfield code="1">0</subfield>
   <subfield code="2">ddc</subfield>
   <subfield code="4">0</subfield>
   <subfield code="6">959_703000000000000_TR120</subfield>
   <subfield code="7">0</subfield>
   <subfield code="9">16292</subfield>
   <subfield code="a">000001</subfield>
   <subfield code="b">000001</subfield>
   <subfield code="d">2019-03-16</subfield>
   <subfield code="o">959.703 Tr120</subfield>
   <subfield code="p">MD.14957</subfield>
   <subfield code="r">2019-03-16</subfield>
   <subfield code="v">75000.00</subfield>
   <subfield code="w">2019-03-16</subfield>
   <subfield code="y">BK</subfield>
  </datafield>
  <datafield tag="952" ind1=" " ind2=" ">
   <subfield code="0">0</subfield>
   <subfield code="1">0</subfield>
   <subfield code="2">ddc</subfield>
   <subfield code="4">0</subfield>
   <subfield code="6">959_703000000000000_TR120</subfield>
   <subfield code="7">0</subfield>
   <subfield code="9">16293</subfield>
   <subfield code="a">000001</subfield>
   <subfield code="b">000001</subfield>
   <subfield code="d">2019-03-16</subfield>
   <subfield code="o">959.703 Tr120</subfield>
   <subfield code="p">MD.14958</subfield>
   <subfield code="r">2019-03-16</subfield>
   <subfield code="v">75000.00</subfield>
   <subfield code="w">2019-03-16</subfield>
   <subfield code="y">BK</subfield>
  </datafield>
  <datafield tag="980" ind1=" " ind2=" ">
   <subfield code="a">Thư viện Trường Đại học Nam Cần Thơ</subfield>
  </datafield>
 </record>
</collection>
